| 000 | 00399nam a2200181Ia 4500 | ||
|---|---|---|---|
| 005 | 20240823040535.0 | ||
| 008 | 240823s9999||||xx |||||||||||||| ||und|| | ||
| 041 | _aENGLISH | ||
| 082 | _A920 Q1 | ||
| 100 | _aLenin M | ||
| 245 | 0 | _aIlavayadhu Computer Kodeeswarar | |
| 250 | _a1st | ||
| 260 |
_c2011 _bSixth |
||
| 500 | _aYES | ||
| 650 |
_aGeneral _bGeneral |
||
| 942 | _cBK | ||
| 999 |
_c203352 _d203352 |
||